[Event "64.Camp. Veneto Quarti di Finale"]
[Site "Arquà Petrarca ITA"]
[Date "2004.05.09"]
[Round "3.19"]
[White "Demiraj, Rumi"]
[Black "Crivellaro, Luca"]
[Result "1-0"]
[WhiteElo "1871"]
[BlackElo "1625"]
[Annotator "Gabriele Ballarin"]
[PlyCount "131"]
[EventDate "2004.05.08"]
[EventType "swiss"]
[EventRounds "6"]
[EventCountry "ITA"]

1. e4 e5 2. Bc4 Nf6 3. d3 Nc6 4. Nf3 Be7 5. c3 d6 6. b4 a6 7. O-O b5 8. Bb3 a5 9. bxa5 Nxa5 10. Bc2 c5 11. d4 Bg4 12. d5 O-O 13. h3 Bd7 14. Nh2 Ne8 15. f4 Nc4 16. f5 Bg5 17. Bd3 Ne3 18. Bxe3 Bxe3+ 19. Kh1 c4 20. Bc2 f6 21. Qe1 Bc5 22. g4 g6 23. Nf3 g5 24. Kg2 Ng7 25. h4 h6 26. hxg5 hxg5 27. Rh1 Kf7 28. Rh6 Rh8 29. Qh1 Rxh6 30. Qxh6 Qg8 31. Qg6+ Ke7 32. Nxg5 Be8 33. Qh7 Qxh7 34. Nxh7 Be3 35. g5 Bxg5 36. Nxg5 fxg5 37. Nd2 Ra3 38. Nb1 Ra8 39. a3 Nh5 40. Nd2 Nf4+ 41. Kf2 Kf6 42. a4 g4 43. Rb1 g3+ 44. Kxg3 Ne2+ 45. Kf2 Nxc3 46. Rh1 bxa4 47. Nxc4 a3 48. Ra1 a2 49. Ke3 Nb5 50. Bb3 Na3 51. Rxa2 Nxc4+ 52. Bxc4 Rxa2 53. Bxa2 Bb5 54. Bb1 Bc4 55. Bd3 Bb3 56. Kd2 Ba4 57. Kc3 Bd7 58. Kb4 Kg5 59. Bb5 Bxf5 60. exf5 Kxf5 61. Kc3 Ke4 62. Bc4 Ke3 63. Bb3 e4 64. Bc4 Kf3 65. Kd2 Kf2 66. Be2 1-0

[Event "64.Camp. Veneto Quarti di Finale"]
[Site "Arquà Petrarca ITA"]
[Date "2004.05.09"]
[Round "3.20"]
[White "Tescaro, Stefano"]
[Black "Nagliati, Paolo"]
[Result "0-1"]
[WhiteElo "1700"]
[BlackElo "1829"]
[Annotator "Gabriele Ballarin"]
[PlyCount "20"]
[EventDate "2004.05.08"]
[EventType "swiss"]
[EventRounds "6"]
[EventCountry "ITA"]

1. d4 d6 2. Nf3 Nf6 3. Bf4 g6 4. e3 Bg7 5. h3 O-O 6. Be2 c5 7. c3 Qb6 8. Qb3 Be6 9. Bc4 Bxc4 10. dxc5 dxc5 0-1

[Event "64.Camp. Veneto Quarti di Finale"]
[Site "Arquà Petrarca ITA"]
[Date "2004.05.09"]
[Round "3.21"]
[White "Battiston, Gianfranco"]
[Black "Valentini, Paola"]
[Result "1-0"]
[WhiteElo "1628"]
[BlackElo "1808"]
[Annotator "Gabriele Ballarin"]
[PlyCount "63"]
[EventDate "2004.05.08"]
[EventType "swiss"]
[EventRounds "6"]
[EventCountry "ITA"]

1. e4 c5 2. Nf3 Nc6 3. d4 cxd4 4. Nxd4 d6 5. Bb5 Bd7 6. O-O Nf6 7. Nc3 g6 8. Kh1 Bg7 9. f4 O-O 10. Nxc6 bxc6 11. Bd3 Qb6 12. f5 Rab8 13. Rb1 c5 14. Bg5 Bc6 15. h3 Qb7 16. Bxf6 Bxf6 17. Qg4 Qb4 18. fxg6 hxg6 19. a3 Qd4 20. Ne2 Qe3 21. Nf4 Kh7 22. e5 Bxe5 23. Nxg6 f5 24. Nxf8+ Rxf8 25. Bxf5+ Rxf5 26. Rxf5 Be8 27. Qf3 Qh6 28. Rf1 Bg6 29. Rf7+ Bxf7 30. Qxf7+ Qg7 31. Qh5+ Kg8 32. Qe8+ 1-0

[Event "64.Camp. Veneto Quarti di Finale"]
[Site "Arquà Petrarca ITA"]
[Date "2004.05.09"]
[Round "3.22"]
[White "Canazza, Alessandro"]
[Black "Palumbo, Giuseppe"]
[Result "1-0"]
[WhiteElo "1772"]
[BlackElo "1610"]
[Annotator "Gabriele Ballarin"]
[PlyCount "125"]
[EventDate "2004.05.08"]
[EventType "swiss"]
[EventRounds "6"]
[EventCountry "ITA"]

1. c4 Nf6 2. Nc3 c5 3. Nf3 Nc6 4. d4 cxd4 5. Nxd4 a6 6. Nxc6 bxc6 7. g3 e6 8. Bg2 Be7 9. O-O d5 10. Qa4 Bd7 11. Rd1 O-O 12. cxd5 cxd5 13. Qd4 Qc7 14. Bf4 Qb7 15. e4 dxe4 16. Nxe4 Bc6 17. Nxf6+ Bxf6 18. Bxc6 Qxc6 19. Be5 Rfd8 20. Qe3 Bxe5 21. Qxe5 Rd5 22. Rxd5 exd5 23. Rd1 Rd8 24. Qd4 Kf8 25. Rd3 f6 26. Rc3 Qd6 27. Kf1 Kf7 28. Qc5 Qxc5 29. Rxc5 Ke6 30. Rc6+ Rd6 31. Rxd6+ Kxd6 32. Ke2 Kc5 33. Kd3 a5 34. f4 h5 35. Kc3 d4+ 36. Kd3 a4 37. b3 a3 38. f5 Kd5 39. b4 Ke5 40. b5 Kd5 41. b6 Kc6 42. b7 Kxb7 43. Kxd4 Kc6 44. Kc4 Kd6 45. Kb4 Ke5 46. Kxa3 Kxf5 47. Kb4 Kg4 48. a4 h4 49. a5 hxg3 50. hxg3 Kxg3 51. a6 f5 52. a7 f4 53. a8=Q g5 54. Qb8 g4 55. Kc3 Kf3 56. Qb7+ Kf2 57. Qe4 Kg3 58. Qe1+ Kf3 59. Qf1+ Kg3 60. Kd3 f3 61. Ke3 Kh2 62. Qf2+ Kh1 63. Qh4+ 1-0

[Event "64.Camp. Veneto Quarti di Finale"]
[Site "Arquà Petrarca ITA"]
[Date "2004.05.09"]
[Round "3.23"]
[White "Danese, Aldo"]
[Black "Scarangella, Luca"]
[Result "1-0"]
[WhiteElo "1760"]
[BlackElo "1440"]
[Annotator "Gabriele Ballarin"]
[PlyCount "93"]
[EventDate "2004.05.08"]
[EventType "swiss"]
[EventRounds "6"]
[EventCountry "ITA"]

1. f4 e6 2. Nf3 b6 3. e3 Bb7 4. Be2 Nf6 5. O-O Be7 6. c4 d6 7. Nc3 Nbd7 8. d4 O-O 9. b4 d5 10. c5 bxc5 11. bxc5 c6 12. Bd2 Qc8 13. Qa4 Nb8 14. Ne5 Nbd7 15. Rab1 Nxe5 16. fxe5 Nd7 17. Rb2 Nb8 18. Rfb1 Ba6 19. Bxa6 Qxa6 20. Qc2 Qc8 21. Rb7 Bg5 22. Ne2 f6 23. exf6 Bxf6 24. e4 Rf7 25. Rxf7 Kxf7 26. e5 Bxe5 27. dxe5 Kg8 28. Nd4 Na6 29. a3 Rb8 30. Rxb8 Nxb8 31. Qa4 a6 32. Qa5 Kf7 33. Bf4 Qb7 34. Qb6 Qc8 35. a4 h6 36. h3 g5 37. Bg3 Kg6 38. a5 Kf7 39. h4 Kg6 40. Qb1+ Kg7 41. h5 Qe8 42. Nxe6+ Kg8 43. Qb7 Nd7 44. Qxc6 Kf7 45. Nc7 Qe7 46. e6+ Kf8 47. Bd6 1-0

[Event "64.Camp. Veneto Quarti di Finale"]
[Site "Arquà Petrarca ITA"]
[Date "2004.05.09"]
[Round "3.24"]
[White "Zangrando, Gianpietro"]
[Black "Abazi, Rhui"]
[Result "0-1"]
[WhiteElo "1768"]
[BlackElo "1700"]
[Annotator "Gabriele Ballarin"]
[PlyCount "71"]
[EventDate "2004.05.08"]
[EventType "swiss"]
[EventRounds "6"]
[EventCountry "ITA"]

1. c4 e5 2. Nc3 Nf6 3. g3 d6 4. Bg2 Nc6 5. Nf3 Be7 6. O-O O-O 7. a3 Be6 8. d3 Qd7 9. Re1 Bh3 10. Bh1 a6 11. b4 Nd4 12. e3 Nxf3+ 13. Bxf3 c6 14. Bb2 Bg4 15. Na4 Bxf3 16. Qxf3 Bd8 17. c5 b5 18. cxb6 Rb8 19. Rac1 c5 20. Nxc5 dxc5 21. bxc5 Qe6 22. Re2 Bxb6 23. cxb6 Rxb6 24. Rec2 e4 25. dxe4 Nxe4 26. Bd4 Rb5 27. Rc6 Ng5 28. Qg2 Qg4 29. Kf1 h6 30. f4 Ne6 31. h3 Qf5 32. e4 Qh7 33. Be5 f6 34. Rxe6 fxe5 35. Qa2 Kh8 36. Kg1 0-1

[Event "64.Camp. Veneto Quarti di Finale"]
[Site "Arquà Petrarca ITA"]
[Date "2004.05.09"]
[Round "3.25"]
[White "Drezzadore, Dario"]
[Black "Navarro, Tommaso"]
[Result "1/2-1/2"]
[WhiteElo "1667"]
[BlackElo "1685"]
[Annotator "Gabriele Ballarin"]
[PlyCount "59"]
[EventDate "2004.05.08"]
[EventType "swiss"]
[EventRounds "6"]
[EventCountry "ITA"]

1. e4 e5 2. Nf3 d6 3. Bc4 Be7 4. d4 Nc6 5. O-O Nf6 6. Nc3 Bg4 7. dxe5 Nxe5 8. Be2 O-O 9. h3 Be6 10. Nd4 Bc4 11. f4 Bxe2 12. Qxe2 Nc6 13. Nf5 Re8 14. Be3 Bf8 15. Qf3 g6 16. Nd4 Na5 17. Rad1 Nc4 18. Bc1 Bg7 19. Qd3 Nb6 20. Rde1 Nbd7 21. Nf3 Nc5 22. Qc4 Nfd7 23. Ng5 Ne6 24. Nxe6 Rxe6 25. Nd5 c6 26. Nc3 Nb6 27. Qb3 Qe7 28. Kh1 Re8 29. Bd2 Kh8 30. f5 {=} 1/2-1/2

[Event "64.Camp. Veneto Quarti di Finale"]
[Site "Arquà Petrarca ITA"]
[Date "2004.05.09"]
[Round "3.26"]
[White "Chiodini, Sebastiano"]
[Black "Boscolo, Michele"]
[Result "0-1"]
[WhiteElo "1440"]
[BlackElo "1759"]
[Annotator "Gabriele Ballarin"]
[PlyCount "58"]
[EventDate "2004.05.08"]
[EventType "swiss"]
[EventRounds "6"]
[EventCountry "ITA"]

1. e4 Nf6 2. Nc3 d5 3. exd5 Nxd5 4. Nf3 Bg4 5. Be2 e6 6. h3 Bh5 7. O-O Be7 8. Re1 Nc6 9. Nxd5 Qxd5 10. d4 O-O 11. c3 Bg6 12. Bd3 Rae8 13. Ne5 Bxd3 14. Qxd3 f6 15. Nxc6 Qxc6 16. Be3 Rf7 17. Re2 Bd6 18. Rd1 Qd7 19. Red2 c6 20. a3 Rd8 21. c4 Qc7 22. Qb3 b6 23. d5 exd5 24. cxd5 c5 25. Re1 Qd7 26. Rde2 Re7 27. Bf4 Rxe2 28. Rxe2 Bxf4 29. f3 (29. g3 Be5 30. Rd2 Bd4) 29... Be5 {0-1 Chiodini,S-Boscolo,M (1759)/Arquà Petrarca ITA 2004} 0-1

[Event "64.Camp. Veneto Quarti di Finale"]
[Site "Arquà Petrarca ITA"]
[Date "2004.05.09"]
[Round "3.27"]
[White "Baldi, Giancarlo"]
[Black "Bozzao, Francesco"]
[Result "1-0"]
[WhiteElo "1721"]
[BlackElo "1646"]
[Annotator "Gabriele Ballarin"]
[PlyCount "97"]
[EventDate "2004.05.08"]
[EventType "swiss"]
[EventRounds "6"]
[EventCountry "ITA"]

1. Nf3 c5 2. e3 g6 3. d4 Bg7 4. c3 cxd4 5. exd4 d5 6. Bd3 Nc6 7. Nbd2 Nf6 8. O-O O-O 9. Re1 Re8 10. Bc2 Qc7 11. Ba4 a6 12. Ne5 b5 13. Nxc6 Qxc6 14. Bb3 Nd7 15. Qf3 Nf6 16. h3 Bb7 17. Bc2 Rac8 18. Nb3 Ba8 19. h4 h5 20. Bg5 Ne4 21. Bxe4 dxe4 22. Qe3 e5 23. Rad1 exd4 24. Nxd4 Qc4 25. a3 a5 26. Rc1 b4 27. axb4 axb4 28. Ne2 Qd3 29. cxb4 Bxb2 30. Rb1 Qxe3 31. Bxe3 Rc2 32. b5 Rb8 33. b6 Bd5 34. Nd4 Bxd4 35. Bxd4 f5 36. Be3 Kf8 37. Red1 Bc4 38. Rd4 Kf7 39. Rd6 Ra2 40. Rc1 Bd3 41. Rc7+ Kf8 42. b7 Rc2 43. Bh6+ Ke8 44. Rh7 Rxb7 45. Rxb7 Ra2 46. Rxg6 Bc4 47. Rgg7 Ra1+ 48. Kh2 Rd1 49. Rh7 1-0

[Event "64.Camp. Veneto Quarti di Finale"]
[Site "Arquà Petrarca ITA"]
[Date "2004.05.09"]
[Round "3.28"]
[White "Franco, Leopoldo"]
[Black "Barbetta, Cosimo"]
[Result "0-1"]
[WhiteElo "1700"]
[BlackElo "1625"]
[Annotator "Gabriele Ballarin"]
[PlyCount "74"]
[EventDate "2004.05.08"]
[EventType "swiss"]
[EventRounds "6"]
[EventCountry "ITA"]

1. d4 c5 2. Nf3 e6 3. e3 cxd4 4. Qxd4 Nf6 5. Bb5 Nc6 6. Qd3 a6 7. Ba4 Qc7 8. O-O b5 9. Bb3 Bb7 10. Rd1 Nb4 11. Qe2 Rc8 12. c3 Nc6 13. e4 Na5 14. e5 Bxf3 15. gxf3 Nh5 16. f4 g6 17. Be3 Bc5 18. Qf3 d5 19. exd6 Bxd6 20. Rd4 Nc4 21. Bxc4 bxc4 22. Nd2 Rb8 23. Rxc4 Qe7 24. Qc6+ Kf8 25. Ne4 Nxf4 26. Bc5 Bxc5 27. Rxc5 Rxb2 28. Ng3 Rxf2 29. Rd1 Rxa2 30. Qd6 Qxd6 31. Rxd6 Ne2+ 32. Nxe2 Rxe2 33. Rxa6 Kg7 34. Rac6 Rd8 35. Kf1 Rxh2 36. Kg1 Rc2 37. Rxe6 Rd1+ 0-1

[Event "64.Camp. Veneto Quarti di Finale"]
[Site "Arquà Petrarca ITA"]
[Date "2004.05.09"]
[Round "3.29"]
[White "Biagioli, Valerio"]
[Black "Vastano, Ciro"]
[Result "1-0"]
[WhiteElo "1625"]
[BlackElo "1700"]
[Annotator "Gabriele Ballarin"]
[PlyCount "55"]
[EventDate "2004.05.08"]
[EventType "swiss"]
[EventRounds "6"]
[EventCountry "ITA"]

1. d4 e6 2. e4 d5 3. e5 c5 4. c3 Qb6 5. Nf3 Bd7 6. Bd3 Nc6 7. O-O cxd4 8. c4 dxc4 9. Bxc4 Rc8 10. Bb3 Bc5 11. Nbd2 Na5 12. Ne4 Nxb3 13. axb3 Bb5 14. Re1 Be7 15. Nxd4 Rd8 16. Be3 Ba6 17. Qg4 Kf8 18. Rad1 Nh6 19. Qh5 Qa5 20. Bxh6 gxh6 21. Qxh6+ Ke8 22. Nf6+ Bxf6 23. Qxf6 Rg8 24. Nxe6 Rd3 25. Ng7+ Kf8 26. e6 Rxg7 27. e7+ Ke8 28. Qxg7 1-0

[Event "64.Camp. Veneto Quarti di Finale"]
[Site "Arquà Petrarca ITA"]
[Date "2004.05.09"]
[Round "3.30"]
[White "Pechy, Alaster"]
[Black "Biagioli, Marco Fabrizio"]
[Result "1-0"]
[WhiteElo "2138"]
[BlackElo "1440"]
[Annotator "Gabriele Ballarin"]
[PlyCount "49"]
[EventDate "2004.05.08"]
[EventType "swiss"]
[EventRounds "6"]
[EventCountry "ITA"]

1. e4 e6 2. d4 d5 3. Nc3 Bb4 4. e5 c5 5. a3 cxd4 6. axb4 dxc3 7. bxc3 Qc7 8. Qd4 Nc6 9. Bb5 Nge7 10. Nf3 O-O 11. Bxc6 Nxc6 12. Qe3 Bd7 13. O-O a6 14. Re1 Ne7 15. Nd4 Ng6 16. Qg3 Rac8 17. Bd2 Qb6 18. h4 h5 19. Qf3 Nxh4 20. Qxh5 Ng6 21. Re3 Rfe8 22. Rh3 Kf8 23. Bg5 Rxc3 24. Qh8+ Nxh8 25. Rxh8# 1-0

[Event "64.Camp. Veneto Quarti di Finale"]
[Site "Arquà Petrarca ITA"]
[Date "2004.05.09"]
[Round "3.31"]
[White "Morganti, Lionello"]
[Black "Scarabello, Luca"]
[Result "1-0"]
[WhiteElo "1739"]
[BlackElo "1440"]
[Annotator "Gabriele Ballarin"]
[PlyCount "83"]
[EventDate "2004.05.08"]
[EventType "swiss"]
[EventRounds "6"]
[EventCountry "ITA"]

1. e4 e5 2. Nf3 Nc6 3. d4 exd4 4. Nxd4 Nf6 5. Nc3 Bb4 6. Nxc6 bxc6 7. Bd3 d6 8. Bd2 Rf8 9. O-O Be6 10. Re1 Bc5 11. h3 Nd7 12. Be3 f6 13. Bxc5 Nxc5 14. f4 g6 15. Ne2 Qd7 16. Nd4 Kd8 17. b4 Nxd3 18. Qxd3 Rb8 19. a3 f5 20. Nxe6+ Qxe6 21. e5 d5 22. Qa6 Ra8 23. b5 Kd7 24. bxc6+ Qxc6 25. Qd3 Rfe8 26. Rad1 Qc5+ 27. Qd4 Qxd4+ 28. Rxd4 c6 29. c4 Ke6 30. cxd5+ cxd5 31. Rb1 Reb8 32. Rdb4 Rxb4 33. Rxb4 g5 34. g3 gxf4 35. gxf4 h5 36. Rb7 d4 37. Kf2 Re8 38. Rxa7 Kd5 39. Kf3 Rc8 40. Ra5+ Rc5 41. Rxc5+ Kxc5 42. Ke2 1-0

[Event "64.Camp. Veneto Quarti di Finale"]
[Site "Arquà Petrarca ITA"]
[Date "2004.05.09"]
[Round "3.32"]
[White "Bettella, Michele"]
[Black "Tresin, Ardilio"]
[Result "1-0"]
[WhiteElo "1682"]
[BlackElo "1337"]
[Annotator "Gabriele Ballarin"]
[PlyCount "109"]
[EventDate "2004.05.08"]
[EventType "swiss"]
[EventRounds "6"]
[EventCountry "ITA"]

1. e4 c5 2. Nf3 e6 3. d3 d6 4. g3 Nf6 5. Bg2 Be7 6. O-O O-O 7. Nbd2 Nc6 8. Ne1 Rb8 9. f4 Bd7 10. Ndf3 h6 11. c3 b5 12. Nc2 a5 13. Re1 Qc7 14. d4 cxd4 15. Ncxd4 Nxd4 16. Nxd4 b4 17. Bd2 Rfe8 18. Rc1 Qd8 19. cxb4 axb4 20. Nc6 Bxc6 21. Rxc6 Rb6 22. Qc2 Qb8 23. Rc1 Rxc6 24. Qxc6 Qa7+ 25. Kh1 Qd4 26. Qc2 Ng4 27. h3 Nf6 28. Kh2 e5 29. f5 Qf2 30. Rf1 Qc5 31. Rc1 Qb6 32. Qc4 Qc5 33. Qxb4 Qxb4 34. Bxb4 Rb8 35. a3 Kf8 36. Rd1 Rb6 37. Rd2 Ke8 38. Ba5 Rc6 39. b4 Rc4 40. Re2 Kd7 41. g4 Bd8 42. Bxd8 Kxd8 43. Re3 Rc2 44. Kg3 Rc4 45. h4 Nh7 46. Rd3 Ke7 47. Rb3 f6 48. a4 Nf8 49. a5 Nd7 50. Bf3 Nb8 51. b5 Rc1 52. Ra3 Rg1+ 53. Bg2 Rb1 54. a6 Rxb5 55. a7 1-0

[Event "64.Camp. Veneto Quarti di Finale"]
[Site "Arquà Petrarca ITA"]
[Date "2004.05.15"]
[Round "4.1"]
[White "Casciello, Dimitri"]
[Black "Ventura, Boris"]
[Result "1/2-1/2"]
[WhiteElo "1820"]
[BlackElo "2186"]
[Annotator "Gabriele Ballarin"]
[PlyCount "70"]
[EventDate "2004.05.08"]
[EventType "swiss"]
[EventRounds "6"]
[EventCountry "ITA"]

1. e4 c5 2. Nf3 e6 3. d4 cxd4 4. Nxd4 Bc5 5. Nb3 Bb6 6. Bd3 Nc6 7. O-O Nge7 8. Qe2 O-O 9. Be3 f5 10. Nc3 fxe4 11. Bxe4 d5 12. Rad1 Bxe3 13. Qxe3 Qe8 14. Bf3 Qg6 15. Qe2 Nf5 16. Bh5 Qf6 17. f4 b6 18. Bg4 Bb7 19. Bxf5 Qxf5 20. Nd4 Nxd4 21. Rxd4 Rf6 22. Nd1 Raf8 23. Ne3 Qg6 24. Ng4 Ba6 25. c4 Bxc4 26. Nxf6+ Qxf6 27. Rxc4 dxc4 28. Qxc4 Qxb2 29. Qxe6+ Kh8 30. Qe7 Qd4+ 31. Kh1 Rd8 32. h3 Qd7 33. Re1 h6 34. Qb4 Qd2 35. Qe7 Qd7 1/2-1/2

[Event "64.Camp. Veneto Quarti di Finale"]
[Site "Arquà Petrarca ITA"]
[Date "2004.05.15"]
[Round "4.2"]
[White "Danieli, Enrico"]
[Black "Sgaravatti, Francesco"]
[Result "1-0"]
[WhiteElo "2103"]
[BlackElo "2140"]
[Annotator "Gabriele Ballarin"]
[PlyCount "96"]
[EventDate "2004.05.08"]
[EventType "swiss"]
[EventRounds "6"]
[EventCountry "ITA"]

1. d4 f5 2. Nc3 Nf6 3. Bg5 Nc6 4. Bxf6 exf6 5. e3 Bb4 6. Bd3 Bxc3+ 7. bxc3 d6 8. Rb1 Qe7 9. Qf3 Qf7 10. c4 O-O 11. Ne2 Na5 12. Qd5 Nc6 13. Qxf7+ Kxf7 14. Nc3 Kg8 15. O-O Na5 16. Rfe1 c6 17. e4 fxe4 18. Nxe4 Rd8 19. Ng3 Bd7 20. Re7 Kf8 21. Rbe1 Re8 22. Rxe8+ Bxe8 23. Nf5 Rd8 24. Ne3 Bf7 25. d5 g6 26. Kf1 Re8 27. Ng4 Rxe1+ 28. Kxe1 f5 29. Nh6 cxd5 30. Nxf7 dxc4 31. Nxd6 cxd3 32. cxd3 Ke7 33. Nc8+ Ke6 34. Nxa7 Kd5 35. Nb5 Kc5 36. Nc3 b5 37. Kd2 b4 38. Ne2 Nc6 39. Kc2 g5 40. f4 h6 41. fxg5 hxg5 42. g3 g4 43. Kd2 Kd5 44. Ke3 Ne5 45. Nd4 Kd6 46. Nxf5+ Ke6 47. Nh4 Kf6 48. Kd4 Nf7 1-0

[Event "64.Camp. Veneto Quarti di Finale"]
[Site "Arquà Petrarca ITA"]
[Date "2004.05.15"]
[Round "4.3"]
[White "Mileto, Gabriele"]
[Black "Rossato, Armando"]
[Result "1-0"]
[WhiteElo "2206"]
[BlackElo "2116"]
[Annotator "Gabriele Ballarin"]
[PlyCount "91"]
[EventDate "2004.05.08"]
[EventType "swiss"]
[EventRounds "6"]
[EventCountry "ITA"]

1. e4 c5 2. Nf3 Nc6 3. d4 cxd4 4. Nxd4 Nf6 5. Nc3 e5 6. Ndb5 d6 7. Bg5 a6 8. Na3 b5 9. Bxf6 gxf6 10. Nd5 f5 11. exf5 Bxf5 12. c3 Be7 13. Nc2 O-O 14. Nce3 Be6 15. Bd3 f5 16. f4 Kh8 17. Qe2 e4 18. Bc2 Bh4+ 19. g3 Bf6 20. Nxf6 Qxf6 21. Bb3 Na5 22. Bd5 Rac8 23. O-O Nc4 24. Nxc4 Bxd5 25. Nb6 Bc4 26. Nxc4 Rxc4 27. Rfd1 Rfc8 28. Rd2 Qe6 29. Rad1 R8c6 30. Qe3 R4c5 31. a3 a5 32. Rd4 Kg7 33. g4 Qg6 34. Kh1 d5 35. g5 Qe6 36. R1d2 Kg8 37. h4 Kg7 38. h5 Kg8 39. Rh2 Rc4 40. Rxc4 Rxc4 41. Qa7 e3 42. g6 Qe4+ 43. Rg2 hxg6 44. hxg6 Qe6 45. Qh7+ Kf8 46. g7+ 1-0

[Event "64.Camp. Veneto Quarti di Finale"]
[Site "Arquà Petrarca ITA"]
[Date "2004.05.15"]
[Round "4.4"]
[White "Giuriati, Paolo"]
[Black "Navarro, Stefano"]
[Result "1-0"]
[WhiteElo "2185"]
[BlackElo "2115"]
[Annotator "Gabriele Ballarin"]
[PlyCount "77"]
[EventDate "2004.05.08"]
[EventType "swiss"]
[EventRounds "6"]
[EventCountry "ITA"]

1. d4 d5 2. c4 e6 3. cxd5 exd5 4. Nc3 c6 5. Nf3 Nf6 6. Bg5 Be7 7. Qc2 Nbd7 8. e3 O-O 9. Bd3 Re8 10. O-O Nf8 11. Rab1 Ne4 12. Bxe7 Qxe7 13. b4 a6 14. Na4 Bf5 15. Nc5 Rac8 16. Ne5 f6 17. Nf3 Rc7 18. a4 Kh8 19. Rfc1 Bg6 20. Qa2 Rec8 21. Nh4 f5 22. Nf3 Bh5 23. Ne5 Ng6 24. Nxg6+ Bxg6 25. Bxe4 dxe4 26. Qe6 Qd8 27. Qe5 Re7 28. Qf4 Qe8 29. Rb2 b6 30. Nb3 Qd7 31. a5 Bf7 32. axb6 Bxb3 33. Rxb3 Qe6 34. Rbc3 Rb7 35. Rc5 Rxb6 36. d5 Qf6 37. h3 g6 38. dxc6 Rbxc6 39. Rxc6 1-0

[Event "64.Camp. Veneto Quarti di Finale"]
[Site "Arquà Petrarca ITA"]
[Date "2004.05.15"]
[Round "4.5"]
[White "Cacco, Christian"]
[Black "Bonafede, Alessandro"]
[Result "0-1"]
[WhiteElo "2319"]
[BlackElo "2083"]
[Annotator "Gabriele Ballarin"]
[PlyCount "66"]
[EventDate "2004.05.08"]
[EventType "swiss"]
[EventRounds "6"]
[EventCountry "ITA"]

1. d4 f5 2. g3 Nf6 3. Bg2 g6 4. b4 Bg7 5. Nf3 O-O 6. O-O d6 7. Bb2 Nc6 8. b5 Na5 9. Nbd2 c6 10. bxc6 Nxc6 11. c4 Qe8 12. d5 Nb4 13. Nd4 Na6 14. Qc2 Nc5 15. Rac1 Bd7 16. Qb1 g5 17. N2b3 f4 18. Nxc5 dxc5 19. Nf5 Bxf5 20. Qxf5 Qg6 21. Qe6+ Qf7 22. Bh3 Qxe6 23. Bxe6+ Kh8 24. gxf4 gxf4 25. Rb1 b6 26. Bf5 Ne8 27. Bd3 Bxb2 28. Rxb2 Nd6 29. a4 f3 30. e4 Rf4 31. Re1 Rg8+ 32. Kh1 Rfg4 33. e5 Rg2 0-1

[Event "64.Camp. Veneto Quarti di Finale"]
[Site "Arquà Petrarca ITA"]
[Date "2004.05.15"]
[Round "4.6"]
[White "Maniero, Riccardo"]
[Black "Lain, Luigi"]
[Result "0-1"]
[WhiteElo "1874"]
[BlackElo "2235"]
[Annotator "Gabriele Ballarin"]
[PlyCount "54"]
[EventDate "2004.05.08"]
[EventType "swiss"]
[EventRounds "6"]
[EventCountry "ITA"]

1. e4 e5 2. Nf3 Nc6 3. Nc3 Nf6 4. Bb5 Bc5 5. O-O d6 6. d4 exd4 7. Bxc6+ bxc6 8. Nxd4 Bd7 9. Bg5 h6 10. Bh4 g5 11. Bg3 h5 12. h4 Ng4 13. hxg5 Qxg5 14. Nf3 Qg7 15. Nh4 Ne3 16. fxe3 Qxg3 17. Qe1 Bxe3+ 18. Kh1 Qg5 19. Rf3 Bb6 20. g3 O-O-O 21. a4 Rdf8 22. Nf5 h4 23. Nxh4 Rxh4+ 24. gxh4 Rh8 25. Rg3 Rxh4+ 26. Kg2 Bh3+ 27. Kf3 Qh5+ 0-1

[Event "64.Camp. Veneto Quarti di Finale"]
[Site "Arquà Petrarca ITA"]
[Date "2004.05.15"]
[Round "4.7"]
[White "Lavric, Mihail"]
[Black "Demiraj, Rumi"]
[Result "0-1"]
[WhiteElo "2100"]
[BlackElo "1871"]
[Annotator "Gabriele Ballarin"]
[PlyCount "136"]
[EventDate "2004.05.08"]
[EventType "swiss"]
[EventRounds "6"]
[EventCountry "ITA"]

1. d4 f5 2. e4 fxe4 3. Nc3 Nf6 4. f3 d5 5. fxe4 dxe4 6. Bc4 Nc6 7. Nge2 Bf5 8. O-O Qd7 9. d5 Na5 10. Bb5 c6 11. dxc6 Nxc6 12. Bf4 Qxd1 13. Raxd1 Bd7 14. Ng3 a6 15. Ba4 e6 16. Ngxe4 Be7 17. Nd6+ Bxd6 18. Bxd6 O-O-O 19. a3 Rhe8 20. b4 Ne7 21. Bxd7+ Rxd7 22. Na4 Ned5 23. Bc5 b5 24. Nb6+ Nxb6 25. Bxb6 Rxd1 26. Rxd1 Nd5 27. Bc5 Rd8 28. Re1 Kd7 29. Kf2 Re8 30. Re5 Ne7 31. g4 h6 32. Re2 Rf8+ 33. Kg3 Rf7 34. h4 g6 35. Re1 Nd5 36. Rd1 Kc6 37. Rc1 Nc3 38. Re1 Kd5 39. Be3 h5 40. g5 e5 41. Kg2 e4 42. Bd2 Rf3 43. Bc1 Ke5 44. Re3 Rxe3 45. Bxe3 Kf5 46. Kg3 Nd5 47. Bc1 Nb6 48. Bf4 Nc4 49. Bc1 Ke5 50. c3 Kd5 51. Kf4 Nd6 52. Be3 Nf5 53. Bf2 Ng7 54. Bg3 Nf5 55. Bf2 e3 56. Bxe3 Nxh4 57. Bf2 Nf5 58. Be1 Ng7 59. Bh4 Ne6+ 60. Ke3 Ke5 61. c4 bxc4 62. a4 Kd5 63. a5 Nd4 64. Bf2 Nc2+ 65. Kd2 Nxb4 66. Kc3 Nd3 67. Bb6 Nc5 68. Bc7 Ne6 0-1

[Event "64.Camp. Veneto Quarti di Finale"]
[Site "Arquà Petrarca ITA"]
[Date "2004.05.15"]
[Round "4.8"]
[White "Solinas, Carlo"]
[Black "Velluti, Alberto"]
[Result "1/2-1/2"]
[WhiteElo "2072"]
[BlackElo "1802"]
[Annotator "Gabriele Ballarin"]
[PlyCount "101"]
[EventDate "2004.05.08"]
[EventType "swiss"]
[EventRounds "6"]
[EventCountry "ITA"]

1. e4 d5 2. exd5 Nf6 3. d4 Nxd5 4. Nf3 g6 5. c4 Nb6 6. Nc3 Bg7 7. h3 O-O 8. Be3 Nc6 9. Qd2 e5 10. d5 Ne7 11. Be2 Nf5 12. g4 Nxe3 13. Qxe3 Re8 14. O-O-O f5 15. c5 e4 16. Nd4 f4 17. Qxf4 Nxd5 18. Bc4 c6 19. Nxe4 Kh8 20. Qd6 Qa5 21. Bxd5 cxd5 22. Nc3 Rd8 23. Nb3 Bxc3 24. Nxa5 Rxd6 25. cxd6 Bxa5 26. Rxd5 b5 27. Rxb5 Bb6 28. Re5 Bd7 29. Re7 Rd8 30. f4 Kg8 31. Rd1 Bf2 32. b3 Bh4 33. Kb2 Bf6+ 34. Ka3 a5 35. g5 Bc3 36. h4 Bg4 37. Rd3 Bb4+ 38. Kb2 Bf5 39. Rde3 Bxd6 40. Re8+ Rxe8 41. Rxe8+ Kf7 42. Ra8 Bb4 43. Ra7+ Ke6 44. Rxh7 Kd5 45. h5 gxh5 46. Rxh5 Ke4 47. g6 Bxg6 48. Rg5 Bf5 49. Rg8 Kxf4 50. Rd8 Ke3 51. a3 1/2-1/2

[Event "64.Camp. Veneto Quarti di Finale"]
[Site "Arquà Petrarca ITA"]
[Date "2004.05.15"]
[Round "4.9"]
[White "Quaranta, Cristiano"]
[Black "Canazza, Alessandro"]
[Result "1-0"]
[WhiteElo "2031"]
[BlackElo "1772"]
[Annotator "Gabriele Ballarin"]
[PlyCount "55"]
[EventDate "2004.05.08"]
[EventType "swiss"]
[EventRounds "6"]
[EventCountry "ITA"]

1. d4 Nf6 2. Bg5 d5 3. Bxf6 exf6 4. e3 Bd6 5. c4 dxc4 6. Bxc4 O-O 7. Nc3 c6 8. Nge2 f5 9. O-O Nd7 10. Rc1 Nf6 11. g3 h5 12. Nf4 h4 13. Ng6 hxg3 14. hxg3 b5 15. Bb3 Re8 16. Qf3 Ng4 17. Qh1 Nh6 18. Qxc6 Rb8 19. Nxb5 Bxg3 20. fxg3 Bd7 21. Qc7 Qg5 22. Qf4 Qxg6 23. Nd6 Be6 24. Nxe8 Bxb3 25. Qxb8 Kh7 26. axb3 Ng4 27. Qf4 Qh5 28. Qxf5+ 1-0